000 00701nam a22001695i 4500
001 167612
003 ES-MaACL
005 20230906213548.0
008 050928s1887 sp | |||||||| ||spa d
040 _aCAM
_bspa
_cCAM
100 1 _aVillaseñor y Ariño, Ricardo.
_9133759
245 1 0 _aConferencia sobre el servicio militar dada en el Centro de Asturianos en la noche del 15 de junio de 1887 /
_cpor Ricardo Villaseñor y Ariño.
260 _aMadrid :
_b[s.n.],
_c1887 (
_fImprenta de Alfonso Rodero)
300 _a32 p. ;
_c22 cm.
650 4 _aServicio militar.
_9136868
852 _aES-MaACL
_jT-466-F-5
_z-- Enc. hol.
_z-- Dedic. ms. del autor al Ateneo de Madrid
_z-- Enc. en un vol. facticio
999 _c167612
_d167612